Aussiedler: deutsche Einwanderer aus Osteuropa

Saved in:  
Bibliographic Details
Contributors: Bade, Klaus J. 1944- (Editor) ; Oltmer, Jochen 1965- (Editor)
Format: Print Book
Language:German
Published: Osnabrück Universitätsverlag Rasch April 1999
In: Schriften des Instituts für Migrationsforschung und Interkulturelle Studien (IMIS) der Universität Osnabrück (Bd. 8)
Year: 1999
Edition:1. Aufl.
Online Access: Table of Contents
Table of Contents
Availability in Tübingen:Present in Tübingen.
IFK: B VI 303
Check availability: HBZ Gateway
Subito Delivery Service: Order now.
Keywords:

MARC

LEADER 00000cam a2200000 c 4500
001 267126964
003 DE-627
005 20260327131904.0
007 tu
008 990412s1999 gw ||||| 00| ||ger c
015 |a 99,N16,0092  |2 dnb 
015 |a 99,A25,0170  |2 dnb 
016 7 |a 956039464  |2 DE-101 
020 |a 9783932147401  |q Broschur : DM 48.00, sfr 44.50, S 350.00  |9 978-3-932147-40-1 
020 |a 3932147405  |9 3-932147-40-5 
035 |a (DE-627)267126964 
035 |a (DE-603)072529393 
035 |a (DE-576)076712184 
035 |a (DE-599)DNB956039464 
035 |a (OCoLC)722829496 
035 |a (OCoLC)610683500 
035 |a (OCoLC)42041490 
035 |a (DE-H357)his18097 
040 |a DE-627  |b ger  |c DE-627  |e rda 
041 |a ger 
044 |c XA-DE-NI  |c XA-DE 
084 |a SOP 1975  |2 sfb 
084 |a SOP 1955  |2 sfb 
084 |a 14  |2 sdnb 
084 |a 14  |a 16  |a 18  |a 17  |2 sdnb 
084 |a MS 3000  |2 rvk  |0 (DE-625)rvk/123652: 
084 |a RP 80594  |2 rvk  |0 (DE-625)rvk/142406:12788 
084 |a MS 3600  |2 rvk  |0 (DE-625)rvk/123685: 
084 |a MS 1560  |2 rvk  |0 (DE-625)rvk/123602: 
084 |a CV 7500  |2 rvk  |0 (DE-625)rvk/19168: 
084 |a 71.62  |2 bkl 
090 |a a 
245 0 0 |a Aussiedler: deutsche Einwanderer aus Osteuropa  |c herausgegeben von Klaus J. Bade und Jochen Oltmer 
250 |a 1. Aufl. 
264 1 |a Osnabrück  |b Universitätsverlag Rasch  |c April 1999 
264 4 |c © 1999 
300 |a 323 Seiten  |b Diagramme, Karten  |c 24 cm 
336 |a Text  |b txt  |2 rdacontent 
337 |a ohne Hilfsmittel zu benutzen  |b n  |2 rdamedia 
338 |a Band  |b nc  |2 rdacarrier 
490 1 |a Schriften des Instituts für Migrationsforschung und Interkulturelle Studien (IMIS) der Universität Osnabrück  |v Bd. 8 
583 1 |a Archivierung/Langzeitarchivierung gewährleistet  |f PENI  |x XA-DE-NI  |2 pdager  |5 DE-35 
650 0 7 |0 (DE-588)4003873-7  |0 (DE-627)104123613  |0 (DE-576)208853065  |a Aussiedler  |2 gnd 
650 0 7 |0 (DE-588)4077570-7  |0 (DE-627)106079751  |0 (DE-576)209205660  |a Soziale Integration  |2 gnd 
650 4 |a Aussiedler 
650 4 |a Integration 
650 4 |a Einwanderung 
650 4 |a Migration 
650 4 |a Osteuropa 
650 4 |a Immigration 
650 4 |a Aussiedler, soziale Integration 
655 7 |a Aufsatzsammlung  |0 (DE-588)4143413-4  |0 (DE-627)105605727  |0 (DE-576)209726091  |2 gnd-content 
689 0 0 |d s  |0 (DE-588)4003873-7  |0 (DE-627)104123613  |0 (DE-576)208853065  |a Aussiedler  |2 gnd 
689 0 1 |d s  |0 (DE-588)4077570-7  |0 (DE-627)106079751  |0 (DE-576)209205660  |a Soziale Integration  |2 gnd 
689 0 |5 DE-101 
700 1 |a Bade, Klaus J.  |d 1944-  |e HerausgeberIn  |0 (DE-588)120144042  |0 (DE-627)060321709  |0 (DE-576)160139546  |4 edt 
700 1 |a Oltmer, Jochen  |d 1965-  |e HerausgeberIn  |0 (DE-588)129238988  |0 (DE-627)391463373  |0 (DE-576)175081182  |4 edt 
787 0 8 |i Rezensiert in  |w (DE-603)394722914 
810 2 |a Universität Osnabrück  |b Institut für Migrationsforschung und Interkulturelle Studien  |t Schriften des Instituts für Migrationsforschung und Interkulturelle Studien (IMIS) der Universität Osnabrück  |v Bd. 8  |9 8  |w (DE-627)391487051  |w (DE-576)05378913X  |w (DE-600)2156329-9  |x 2197-5175  |7 am 
856 4 2 |u http://www.gbv.de/dms/hbz/toc/ht010502101.pdf  |m V:DE-605  |q pdf/application  |v 2008-11-15  |x Verlag  |y Inhaltsverzeichnis  |3 Inhaltsverzeichnis  |7 1 
856 4 2 |u http://scans.hebis.de/HEBCGI/show.pl?07252939_toc.pdf  |m V:DE-603;B:DE-17  |q application/pdf  |3 Inhaltsverzeichnis  |7 1 
935 |i sf 
935 |i Blocktest 
936 r v |a MS 3000  |b Allgemeines  |k Soziologie  |k Spezielle Soziologien  |k Soziologische Geschlechterforschung (Gender Studies)  |k Spezielle Forschungsgebiete der soziologischen Geschlechterforschung  |k Allgemeines  |0 (DE-627)1270705695  |0 (DE-625)rvk/123652:  |0 (DE-576)200705695 
936 r v |a RP 80594  |b Aus-und Einwanderung, Rückwanderung  |k Geografie  |k Regionale Geografie  |k Europa  |k Osteuropa (ehem. Ostblock, ehem. RGW/Comecon-Staaten)  |k Osteuropa (ehem. Ostblock, ehem. RGW/Comecon-Staaten)  |k Allgemeine Geografie  |k Anthropogeografie  |k Bevölkerungsgeografie  |k Derzeitige Bevölkerungsverhältnisse  |k Aus-und Einwanderung, Rückwanderung  |0 (DE-627)1275857299  |0 (DE-625)rvk/142406:12788  |0 (DE-576)205857299 
936 r v |a MS 3600  |b Emigranten, Immigranten, Geflüchtete  |k Soziologie  |k Spezielle Soziologien  |k Soziologie der Minoritäten und Randgruppen  |k Emigranten, Immigranten, Geflüchtete  |0 (DE-627)1270927078  |0 (DE-625)rvk/123685:  |0 (DE-576)200927078 
936 r v |a MS 1560  |b Horizontale Mobilität  |k Soziologie  |k Spezielle Soziologien  |k Soziale Mobilität  |k Horizontale Mobilität  |0 (DE-627)1271300710  |0 (DE-625)rvk/123602:  |0 (DE-576)201300710 
936 r v |a CV 7500  |b Kultur und Gesellschaft, Kulturvergleichende Psychologie, Massenpsychologie  |k Psychologie  |k Sozialpsychologie  |k Kultur und Gesellschaft, Kulturvergleichende Psychologie, Massenpsychologie  |0 (DE-627)1270708821  |0 (DE-625)rvk/19168:  |0 (DE-576)200708821 
936 b k |a 71.62  |j Ethnische Beziehungen  |0 (DE-627)106410423 
936 s n |a c200  |2 mzub 
936 s n |a m200  |2 mzub 
936 s n |a m100  |2 mzub 
936 s n |a q100  |2 mzub 
951 |a BO 
ELC |b 1 
LOK |0 000 xxxxxcx a22 zn 4500 
LOK |0 001 3090819546 
LOK |0 003 DE-627 
LOK |0 004 267126964 
LOK |0 005 20020411000000 
LOK |0 008 990630||||||||||||||||ger||||||| 
LOK |0 040   |a DE-21-110  |c DE-627  |d DE-21-110 
LOK |0 852   |a DE-21-110 
LOK |0 852 1  |c B VI 303  |m p  |9 00 
LOK |0 935   |a k110 
LOK |0 936ln  |a 11.2.1 
LOK |0 938   |k p 
LOK |0 939   |a 1999-06-30  |b l01 
ORI |a WA-MARC-krimdoka001.raw 
SIG |a IFK: B VI 303